Представление документа в формате RUSMARC

ПолеНазваниеЗначение
  Тип записи a
  Библиографический уровень a
001 Контрольный номер RU/CBS_UL/BASE/070ccea950a3475bb1339d5ad577226d
005 Дата корректировки 20240301113744.3
100 Данные общей обработки __
a Данные общей обработки 20240301 ||| 0rusy0189 ca
101 Язык документа 0_
a Язык текста rus
102 Страна публикации __
a Страна публикации RU
200 Заглавие и сведения об ответственности 1_
a Заглавие Паладин забытой войны
e Сведения, относящиеся к заглавию [один из лучших полководцев XIX века - Пётр Степанович Котляревский]
f Первые сведения об ответственности Е. Зимин
300 Общие примечания __
a Общие примечания 16+
461 Уровень набора _0
1 2000
a Загадки истории
463 Уровень физической единицы _0
1 2000
a № 40
v С. 28-29
1 2101
d 2023
1 001RU/CBS_UL/BASE/c884b9ec87dc4802b80956613393a7c4
600 Персоналии _1
a Персоналии (Фамилия) Котляревский
b Персоналии (Имя, инициалы) П.С.
606 Тематические рубрики 0_
a Основная рубрика Котляревский, Петр Степанович (1782 - 1851)
610 Ключевые слова 0_
a Ключевые слова русские полководцы
610 Ключевые слова 0_
a Ключевые слова полководцы
610 Ключевые слова 0_
a Ключевые слова разгром персов
610 Ключевые слова 0_
a Ключевые слова подвиги русского воинства
610 Ключевые слова 0_
a Ключевые слова герои русско-персидской войны
610 Ключевые слова 0_
a Ключевые слова генералы
686 Индексы других классификаций __
a Классификационный индекс 63.3(2)5
700 Автор _1
a Фамилия Зимин
b Имя (инициалы) Е.
801 Источник записи _0
a Страна RU
b Организация МБУК ЦБС г. Ульяновска
c Дата составления 20240301
g Правила каталогизации RCR
801 Источник записи _1
a Страна RU
b Организация МБУК ЦБС г. Ульяновска
c Дата составления 20240301
g Правила каталогизации RCR
901 Тип документа __
t Тип документа b
w Контрольный № источника RU/CBS_UL/BASE/c884b9ec87dc4802b80956613393a7c4
909 Создатель записи __
a Создатель записи mbo